| 000 | 00832nam a2200241 i 4500 | ||
|---|---|---|---|
| 001 | 168927 | ||
| 003 | ES-MaACL | ||
| 005 | 20250812062529.0 | ||
| 008 | 080626s1952 sp f |||| | spa d | ||
| 080 | _a070.1 | ||
| 100 | 1 |
_aLuca de Tena, Torcuato, _d1923-1999 _974516 |
|
| 245 | 1 | 3 |
_aLa prensa ante las masas / _cTorcuato Luca de Tena. |
| 260 |
_aMadrid : _bAteneo, _c1952. |
||
| 300 |
_a38 p. : _b1 lám. ; _c19 cm. |
||
| 490 | 1 |
_aColección "O crece o muere" ; _v25 |
|
| 500 | _aEl original fue dado a conocer por el autor en el Ateneo de Madrid, el 23 de febrero de 1951. | ||
| 610 | 2 | 7 |
_aAteneo de Madrid- _vConferencias- _y1940-1982. _91908 |
| 650 | 0 | 4 |
_aPrensa. _916351 |
| 830 | 0 | 0 |
_aColección "O crece o muere" _v25 _9183476 |
| 852 |
_aES-MaACL _jJ-24 (25) |
||
| 852 |
_aES-MaACL _jJ-25 (25) |
||
| 999 |
_c168927 _d168927 |
||